000
00238nam a22001217a 4500
041
_a
ENG
100
_a
Urkud .S
245
_a
Haritpane
260
_a
Maharashtra
_b
Maharashtra
_c
2000-01
300
_a
526
650
_a
GAE
856
_u
GAE
999
_c
662
_d
662